000 00544nam 22001813 4500
001 32667
010 _a1-58948-016-3
090 _a32667
100 _a20260401d2002 u||y0engy50 ba
101 _aeng
102 _aUS
200 _aUndersea with gis
_fDawn J. Wright
210 _aEstados Unidos América, Califórnia
_cEsriPress
_d2002
215 _a253 p.
_cil. color
_d24 cm
_eCD-ROM
606 _aciências marinhas
606 _xsensoriamento remoto
606 _x sistemas de informação geográfica
700 _aWright
_bDawn J.